Camino: amigos de Jesús, tercer año

Saved in:
Bibliographic Details
Main Author: Rodríguez Vargas, Ana Cecilia (Author)
Format: Book
Language:Spanish
Published: Bogotá Norma 1991
Subjects:
Tags: Add Tag
No Tags, Be the first to tag this record!

MARC

LEADER 00000nam a2200000 a 4500
001 UCW6683
003 CL-VaPUC
008 920423e19910000CK |||||||||||||||||spa|d
082 0 4 |a 372.82  |b ROD  |2 21 
100 0 |a Rodríguez Vargas, Ana Cecilia  |e author  |9 311703 
245 1 0 |a Camino: amigos de Jesús, tercer año 
300 |a 104 p 
942 |c BK 
945 |d 19920423 00:00:00 
260 |a Bogotá  |b Norma  |c 1991 
650 7 |a RELIGION ENSEÑANZA BASICA  |2 CL-VaPUC  |9 308009 
583 |a last modification  |c 19920423 00:00:00  |k Rodrigo Vera 
999 |c 219652  |d 219650 
952 |0 0  |1 0  |4 0  |6 372_820000000000000_ROD_1991  |7 0  |8 P  |9 210852  |a BIBEDU  |b BIBEDU  |c BIBEDU_PB  |d 2019-11-15  |i 2790785  |o 372.82 ROD 1991  |p 2790785  |r 2024-01-25  |w 2019-11-15  |y BK  |k EDU